krainy2 - Statystyki

Ogólne statystyki
  • Ten quiz został rozwiązany 14 razy
  • Średni wynik to 27 z 50
Statystyki odpowiedzi
Obrazkowy Odpowiedź % Poprawnych
Andy
85%
Atlas
77%
Karpaty
77%
Ural
77%
Alpy
69%
Apeniny
69%
Bałkany
69%
Kamczatka
69%
Madagaskar
69%
Półwysep Arabski
69%
Tybet
69%
Wyżyna Brazylijska
69%
Himalaje
62%
Kaukaz
62%
Nizina Amazonki
62%
Nizina La Platy
62%
Półwysep Iberyjski
62%
Pòłwysep Skandynawski
62%
Wyżyna Abisyńska
62%
Appalachy
54%
Azja Mniejsza
54%
Kordyliery
54%
Nizina Chińska
54%
Pireneje
54%
Półwysep Indochiński
54%
Półwysep Somalijski
54%
Wielkie Góry Wododziałowe
54%
Wyżyna Irańska
54%
Wyżyna Patagońska
54%
Kotlina Kongo
46%
Nizina Francuska
46%
Nizina Ganges
46%
Nizina Niemiecka
46%
Nizina Orinoko
46%
Nizina Wschodnio - europejska
46%
Półwysep Indyjski
46%
Pustynia Sahara
46%
Wyżyna Gujańska
46%
Góry Smocze
38%
Nizina Atlantycka
38%
Nizina Hudsońska
38%
Nizina Zachodnio-syberyjska
38%
Nizina Zatokowa
38%
Półwysep Labrador
38%
Wielkie Równiny
38%
Wyżyna Kolorado
38%
Wyżyna Środkowo-syberyjska
38%
Kunlun
31%
Nizina Indus
31%
Nizina Polska
31%
Nie znaleziono quizów pasujących do podanych kryteriów
Rozkład punktacji
Procent ludzi z każdym wynikiem
Percentyl według liczby udzielonych odpowiedzi
Twoja historia wyników
Nie rozwiązałeś tego quizu